000 00894nam a22002537a 4500
005 20240530110429.0
008 150330s2011 ua g 000 0 ara d
017 _a2010/21260
_bمصر . دار الكتب المصرية
020 _a9789770929496
040 _aEG-CaGPL
082 0 4 _221
_a322.1\
_bط د
100 0 _aطارق البشرى
245 1 2 _aالدولة و الكنيسة /
_cطارق البشرى.
250 _aط1.
260 _aالقاهرة :
_bدار الشروق ،
_c2011.
300 _a103ص ؛
_c24 سم.
650 0 4 _aالكنيسة والدولة .
650 0 4 _aمشروع النهضة المصرية 1911 .
650 0 4 _aالمادة الثانية فى الدستور .
650 0 4 _aالكنيسة والمشاكل الاجتماعية .
650 0 4 _aحرية العقيدة .
942 _2ddc
_cBK
999 _c60818
_d60818